Регионална библиотека "Любен Каравелов" - Русе

Технологизиране на процесите на управление (Запис номер 364363)

MARC детайли
000 -Лидер
Контролно поле с фиксирана дължина nam a22 a 4500
003 - Код на организацията, давaща контролен номер
Контролно поле BLK
005 - Дата и час на последна редакция
Контролно поле 20200526140628.0
008 - Елементи от данни с фиксирана дължина
fixed length control field 200315b bul|||||r ||||||| ||bul||
040 ## - Източник на каталожния запис
Идентификатор на билиотеката - собственик на записа BLK
041 ## - Код за език
Код за езика на текст/звукозапис или на отделно заглавие Български
Код за езика КДБФ Български
080 ## - УДК
УДК код - определител по УДК 65.012/.013
УДК - код + определител 65.012/.013
139 ## - Редно поле
Редна дума Технологизиране на процесите на управление
245 10 - Сведения за заглавието
Заглавие Технологизиране на процесите на управление
Подзаглавни данни Изследване
Редно поле (дума) Съавт. Димитър Димитров; Прев. [на рус. част] Анастасия Дрехарова; Димитър Й. Димитров; Анастасия Д. Дрехарова; Фьодор Русинов; Олег Дейнеко; Христо Драганов.
257 ## - Страна на издаване
Страна на създаване/издаване България
260 ## - Област на издателските данни
Място на издаване, разпространение и проч. Варна
Име на издателя, разпространителя и проч. Георги Бакалов
Година на издаване 1983
9 (RLIN) 210458
300 ## - Физическа характеристика
Страници 223 с.
Илюстрации и др. с табл., сх.
Размери/Мащаб 20 см
380 ## - Жанр
Жанр Техника
490 ## - СЕРИИ (Колекции)
Име на серия Управление - теория и практика
9 (RLIN) 207507
500 ## - Общи забележки
Забележка Други авт. : Ф. М. Русинов, О. А. Дейнеко, Хр. Драганов. - Кн. е съвместен труд на бълг. и съв. авт. - 1 611 тир. - Библиогр. под линия. 1,74 лв.
653 #7 - Ключова дума – ненормативна
Ключова дума управление
9 (RLIN) 199022
653 #7 - Ключова дума – ненормативна
Ключова дума технологии
9 (RLIN) 198326
700 ## - Други автори (авторска отговорност)
Лично име Димитров, Димитър Й.
Автороска отговорност (Описва отношението между автора и произведението) Съавт.
9 (RLIN) 407356
700 ## - Други автори (авторска отговорност)
Лично име Дрехарова, Анастасия
Автороска отговорност (Описва отношението между автора и произведението) Прев. [на рус. част]
9 (RLIN) 412577
700 1# - Други автори (авторска отговорност)
Лично име Димитров, Димитър Й.
9 (RLIN) 412578
700 1# - Други автори (авторска отговорност)
Лично име Дрехарова, Анастасия Д.
9 (RLIN) 412577
700 1# - Други автори (авторска отговорност)
Лично име Русинов, Фьодор
9 (RLIN) 412579
700 1# - Други автори (авторска отговорност)
Лично име Дейнеко, Олег
9 (RLIN) 412580
700 1# - Други автори (авторска отговорност)
Лично име Драганов, Христо
9 (RLIN) 412581
852 ## - Местоположение
Форматна сигнатура Цб 123137
Фондова буква Хранилище
856 4# - Електронен адрес и достъп
Електронен формат pdf - файл
Път до файла /url/
856 4# - Електронен адрес и достъп
Електронен формат pdf - файл
Път до файла /url/
999 ## - СИСТЕМНИ КОНТРОЛНИ НОМЕРА
Koha biblionumber 364363
Koha biblioitemnumber 364363
942 ## - АРТИКУЛИ
Вид на библиотечния материал Книги
Скрит в OPAC Не
Източник на класификационната схема Universal Decimal Classification
Периодичен библиозапис Да
944 ## - СЪЗДАВАНЕ И РЕДАКЦИЯ на ЗАПИСА
Създаване/Редакция Създаване
Дата на регистрацията/редакция 2020-05-26
Служител, извършил регистрацията/редакцията гц
Наличности
Код за отписване Код за изгубен артикул Източник на класификационната схема Код за повреда Коз за рестрикции Код за отдаване Артикулен № Име на библиотеката - собственик Име на библиотеката, в която се намира в момента Статус (Текущо местоположение) Дата на вписване в системата Местоположение - отдел Цена в лева Инвентарен номер Систематично азбучна сигнатура Баркод Цена в евро Служебен тип на артикула
  Не е изгубен Universal Decimal Classification Не е повреден само за читалня ползва се в читалня 772460 Регионална библиотека "Любен Каравелов" Русе Регионална библиотека "Любен Каравелов" Русе Хранилище 2020-05-28 Хранилище 1.74 384419 Цб 123137 900000011248 0.89 Книги
Vip Innovations Ltd, Rousse, Bulgaria 2025